| 000 | 00834nam a22002417a 4500 | ||
|---|---|---|---|
| 999 |
_c4239 _d4239 |
||
| 003 | AR-CdUCM | ||
| 008 | 190308b ||||| |||| 00| 0 spa d | ||
| 020 | _a968-16-1846-7 | ||
| 040 |
_aMUNICIPALIDAD PROVINCIAL DEL CUSCO _cBIBLIOTECA MUNICIPAL DEL CUSCO |
||
| 082 |
_a869.18 / _bH39 |
||
| 100 |
_aHenriquez Ureña, Pedro _913415 |
||
| 245 | _aEstudios Mexicanos / | ||
| 260 |
_aMexido : _bFondo Cultural Economico, _c1984. |
||
| 300 |
_a386 paginas ; _c20cm. |
||
| 440 |
_aLecturas Mexicanas _n65 _913416 |
||
| 505 | _aContenido: Juan Ruiz de Alarcon -- Teatro español -- Barroco en America -- Apuntaciones sobre la novela en America -- El teatro de la america española... | ||
| 650 |
_aTeatro _9173 |
||
| 650 |
_aLiteratura _983 |
||
| 650 |
_aHistoria _9136 |
||
| 650 |
_aSiglo XX _98 |
||
| 942 |
_2ddc _cLIBROS |
||
| 945 | _apjha | ||